| 000 | 00533nam a22001937a 4500 | ||
|---|---|---|---|
| 003 | OSt | ||
| 005 | 20140310181752.0 | ||
| 008 | 130628t xxu||||| |||| 00| 0 eng d | ||
| 020 | _a9718509763 | ||
| 050 |
_aHC 460 _b.F897 1992 |
||
| 082 |
_aFIL 607.1 _bB29d 1992 |
||
| 100 | _aFrias, Valeriana Cabasag | ||
| 245 |
_adrafting 3 & 4. / _cValeriana Cabasag Frias. |
||
| 260 |
_aMakati, Metro Manila : _bBasic Media Systems, _c1992. |
||
| 300 |
_a100 p. ; _c26 cm. |
||
| 650 | _aDrafting | ||
| 942 |
_2lcc _cBK _kFIL |
||
| 999 |
_c3288 _d3288 |
||